Music Quiz

Random Music or Rock Quiz

Name That Band (Slideshow) Quiz Stats

Quiz not verified by Sporcle

Challenge
Share
Tweet
Score 0/25 Timer 06:00
0 Plays Today
% Correct
Kiss
93%
The Doors
82.8%
Nirvana
81.2%
Queen
78.9%
The Rolling Stones
78.7%
The Beatles
77.8%
U2
72.5%
The Jimi Hendrix Experience
69.2%
ACDC
69%
The Who
67.2%
The Beach Boys
66.6%
Aerosmith
66.4%
Led Zeppelin
64.1%
% Correct
Ramones
61.9%
Van Halen
59.9%
Red Hot Chili Peppers
59.6%
Black Sabbath
58.6%
The Cure
53.7%
Rush
43.3%
Journey
43.3%
Def Leppard
41.3%
Jefferson Airplane
39.9%
Boston
23.8%
Loverboy
15.5%
Blue Oyster Cult
12.7%

You're not logged in!

Compare scores with friends on all Sporcle quizzes.
Sign Up with Email
OR
Log In

You Might Also Like...

Show Comments

Extras

Top Quizzes Today


Score Distribution

Your Account Isn't Verified!

In order to create a playlist on Sporcle, you need to verify the email address you used during registration. Go to your Sporcle Settings to finish the process.